Jane's pocket book of space exploration / (Record no. 183568)

000 -LEADER
fixed length control field 00677 a2200229 4500
003 - CONTROL NUMBER IDENTIFIER
control field Nust
005 - DATE AND TIME OF LATEST TRANSACTION
control field 20250929163542.0
010 ## - LIBRARY OF CONGRESS CONTROL NUMBER
LC control number 76377154
020 ## - INTERNATIONAL STANDARD BOOK NUMBER
International Standard Book Number 035608406X :
040 ## - CATALOGING SOURCE
Transcribing agency Nust
082 00 - DEWEY DECIMAL CLASSIFICATION NUMBER
Classification number 629.435,WIL
100 2# - MAIN ENTRY--PERSONAL NAME
Personal name Wilding-White, T. M.
9 (RLIN) 130778
245 10 - TITLE STATEMENT
Title Jane's pocket book of space exploration /
Statement of responsibility, etc. T. M. Wilding-White.
260 ## - PUBLICATION, DISTRIBUTION, ETC.
Place of publication, distribution, etc. London :
Name of publisher, distributor, etc. MacDonald and Jane's,
Date of publication, distribution, etc. 1976.
300 ## - PHYSICAL DESCRIPTION
Extent 238 p. :
Other physical details ill. ;
Dimensions 12 x 19 cm.
490 0# - SERIES STATEMENT
Series statement Jane's pocket book ; 11
505 ## - FORMATTED CONTENTS NOTE
Formatted contents note contents not available
650 #0 - SUBJECT ADDED ENTRY--TOPICAL TERM
Topical term or geographic name entry element Artificial satellites.
9 (RLIN) 75367
650 #0 - SUBJECT ADDED ENTRY--TOPICAL TERM
Topical term or geographic name entry element Launch vehicles (Astronautics)
9 (RLIN) 130779
650 #0 - SUBJECT ADDED ENTRY--TOPICAL TERM
Topical term or geographic name entry element Space probes.
9 (RLIN) 130780
942 ## - ADDED ENTRY ELEMENTS (KOHA)
Source of classification or shelving scheme
Koha item type Book
Holdings
Withdrawn status Lost status Source of classification or shelving scheme Damaged status Not for loan Permanent Location Current Location Shelving location Date acquired Full call number Barcode Date last seen Price effective from Koha item type Public note
          Military College of Signals (MCS) Military College of Signals (MCS) General Stacks 12/12/2016 629.435,WIL MCS20860 12/08/2016 12/12/2016 Book Almirah No.84, Shelf No.5
© 2023 Central Library, National University of Sciences and Technology. All Rights Reserved.